000 00660nam a22001817a 4500
999 _c63958
_d63958
005 20260227102031.0
008 260227s2005 enk||||| |||| 00| 0 eng d
020 _a9780815748694x
041 _aeng
080 _a327(520) K-16
100 _aKawashima, Yutaka
_927003
245 _aJapanese Foreign Policy at the Crossroads:
_bChallenges and Options for the Twenty-First Century /
_cYutaka Kawashima.
264 _aWashington :
_b‎Brookings Institution Press,
_c2005.
300 _a165 p. ;
_b23 cm.
500 _aBibliogr.: p. 153-154.
653 _aიაპონიის საგარეო პოლიტიკა
942 _2udc
_cᲬᲘᲒᲜᲘ